000 00939nam a22002897a 4500
001 5338
003 FISKH
005 20241127101546.0
008 241127b cb ||||| |||| 00| 0 eng d
020 _a9780545861854
040 _aFISKH
_beng
_cFISKH
_dFISKH
050 _aPS3563.U849
082 _a811.54
100 _aJ muth, Jon
_d(1960-)
245 _aHi, koo! /
_cA Year of Seasons Presented by Koo and Jon J Muth
250 _aFirst paperback printing in 2015
260 _aNew York :
_bScholastic,
_c2015.
300 _a26 pages :
_bColor illustrations ;
_c22 cm
505 _aL
520 _aJon J Muth--and his delightful little panda bear, Koo--challenge readers to stretch their minds and imaginations with twenty-six haikus about the four seasons.
521 8 _a510L
_bLexile
521 8 _aL
_bRaz-Plus
650 _2Panda
_aSeasons
650 _2Picture book
_aFiction
942 _2ddc
_cBK
_n0
999 _c5338
_d5338